[Event "Zrenjanin"]
[Site "Zrenjanin"]
[Date "2011.07.09"]
[Round "2"]
[White "Somborski, Nebojsa"]
[Black "Markov, Slobodan"]
[Result "1/2-1/2"]
[WhiteElo "2361"]
[BlackElo "2131"]
[PlyCount "33"]
[EventDate "2011.07.08"]
[EventType "tourn"]
[EventRounds "9"]
[EventCountry "SRB"]
[SourceTitle "EXT 2013"]
[Source "ChessBase"]
[SourceDate "2012.11.22"]
[SourceVersion "1"]
[SourceVersionDate "2012.11.22"]
[SourceQuality "1"]

1. e4 c5 2. Nf3 Nc6 3. d4 cxd4 4. Nxd4 Qb6 5. Nb3 Nf6 6. Nc3 e6 7. Qe2 d6 8. g4 h6 9. Bg2 a6 10. h4 Nd7 11. f4 Qc7 12. Bd2 Rb8 13. 0-0-0 b5 14. g5 Nb6 15. g6 f6 16. Kb1 Be7 17. Bh3 1/2-1/2